Rethinking South China Sea disputes : (Record no. 3063)

000 -LEADER
fixed length control field 03022cam a2200349Ii 4500
008 - FIXED-LENGTH DATA ELEMENTS--GENERAL INFORMATION
fixed length control field 180706s2017 enka ob 001 0 eng d
020 ## - INTERNATIONAL STANDARD BOOK NUMBER
International Standard Book Number 9781315672977
Qualifying information (e-book : PDF)
020 ## - INTERNATIONAL STANDARD BOOK NUMBER
International Standard Book Number 9781317374756
Qualifying information (e-book: Mobi)
020 ## - INTERNATIONAL STANDARD BOOK NUMBER
Qualifying information (hardback)
020 ## - INTERNATIONAL STANDARD BOOK NUMBER
Qualifying information (paperback)
040 ## - CATALOGING SOURCE
Original cataloging agency IMU Kochi Library
Language of cataloging eng
041 0# - LANGUAGE CODE
Language code of text/sound track or separate title eng
082 04 - DEWEY DECIMAL CLASSIFICATION NUMBER
Classification number 341.4480916472
Item number T882
100 1# - MAIN ENTRY--PERSONAL NAME
Personal name Tseng, Hui-Yi Katherine.,
245 10 - TITLE STATEMENT
Title Rethinking South China Sea disputes :
Sub Title the untold dimensions and great expectations /
300 ## - PHYSICAL DESCRIPTION
Extent 1 online resource (169 pages)
490 1# - SERIES STATEMENT
Series statement Routledge studies in Asian law
505 0# - FORMATTED CONTENTS NOTE
Formatted contents note 1. The South China Sea under the colonial encounter in the 19th century -- 2. Beyond territorial disputes : maritime issues and the revolutionary China -- 3. A neglected dimension in South China Sea : fishing -- 4. From the centre : the dash-line claim as a historical immaginarium or a quest for new course? -- 5. From the centre : a proposal of jurisdiction right upon maritime spaces -- 6. From the periphery : the South China Sea as a frontier and application of the maritime space jurisdiction right -- 7. Echoing the Mandala legacy : rethinking ASEAN engagement in South China Sea -- 8. From the periphery : state succession and the South China Sea disputes.
520 ## - SUMMARY, ETC.
Summary, etc "The proposed book draws on the on-going South China Sea dispute, and the multifaceted challenges wrought by the South China Sea issue that requires an inter-disciplinary perspective. It employs legal-analytical methods, to emphasize the nuances of the role and interpretation of international law and treaties by China in different periods, while taking into account policy and strategic concerns, which generally cast great sways in decision-making. The re-introduction of interdisciplinary concerns straddling law and history illustrates that the historical dimension, which has long been neglected, is an emerging concern that poses looming dangers that may unexpectedly radicalize the friction. Contributing to debunking the mystique wrought by confrontations between a historical and a law-dominated perspective, these perspectives are supported by a more nuanced analytical framework, featuring theoretical concerns with a tinge of practicality. The South China Sea Dispute aims to unveil a nuanced evolution of the issue with a confluence of inter-temporal law, policy and maritime practices in the South China Sea"--
650 #0 - SUBJECT ADDED ENTRY--TOPICAL TERM
Topical term or geographic name as entry element Law of the sea
Geographic subdivision South China Sea.
651 #0 - SUBJECT ADDED ENTRY--GEOGRAPHIC NAME
Geographic name South China Sea
General subdivision International status.
651 #0 - SUBJECT ADDED ENTRY--GEOGRAPHIC NAME
Geographic name Southeast Asia
General subdivision Boundaries.
651 #0 - SUBJECT ADDED ENTRY--GEOGRAPHIC NAME
Geographic name Territorial waters
Geographic subdivision Southeast Asia.
830 #0 - SERIES ADDED ENTRY--UNIFORM TITLE
Uniform title Routledge studies in Asian law.
856 40 - ELECTRONIC LOCATION AND ACCESS
Uniform Resource Identifier <a href="https://www.taylorfrancis.com/books/9781315672977">https://www.taylorfrancis.com/books/9781315672977</a>
Public note Click here to view.
904 ## - LOCAL DATA ELEMENT D, LDD (RLIN)
CATALOGER Rudra Ranjan
905 ## - LOCAL DATA ELEMENT E, LDE (RLIN)
VERIFIER Rudra Ranjan
942 ## - ADDED ENTRY ELEMENTS (KOHA)
Item type E-Book
264 #1 -
-- Abingdon, Oxon ;
-- New York :
-- Routledge,
-- 2017.
520 ## - SUMMARY, ETC.
-- Provided by publisher.

No items available.



Copyright © All Rights Reserved by Indian Maritime University, Kochi Campus.
For any Suggestions/Query Contact to library or Email: library.kochi@imu.ac.in Ph:(0484)-2989402
(Web OPAC Designed by Rudra Ranjan. Maintained by IMU Kochi Library)

Powered by Koha